LEADER 01910nam 2200541 450 001 9910133512903321 005 20171030121304.0 010 $a2-8218-3873-5 024 7 $a10.4000/books.pulg.1307 035 $a(CKB)3390000000053840 035 $a(SSID)ssj0001540568 035 $a(PQKBManifestationID)11839485 035 $a(PQKBTitleCode)TC0001540568 035 $a(PQKBWorkID)11534101 035 $a(PQKB)10381921 035 $a(WaSeSS)IndRDA00044064 035 $a(FrMaCLE)OB-pulg-1307 035 $a(oapen)https://directory.doabooks.org/handle/20.500.12854/42983 035 $a(PPN)182827127 035 $a(EXLCZ)993390000000053840 100 $a20160829d1951 uy 0 101 0 $afre 135 $aur||||||||||| 181 $ctxt$2rdacontent 182 $cc$2rdamedia 183 $acr$2rdacarrier 200 13$aLa chanson de Roland dans les littératures française et espagnole au Moyen Age /$fJules Horrent 210 $cPresses universitaires de Liège$d1951 210 1$aLiège :$cPresses Universitaires de Liège :$cLes Belles Lettres,$d1951 215 $a1 ressource en ligne (541 pages) 225 0 $aBibliothèque de la faculté de philosophie et lettres de l?Université de Liège 410 0$aBibliothe?que de la Faculte? de philosophie et lettres de l'Universite? de Lie?ge. 606 $aRomance Literatures$2HILCC 606 $aLanguages & Literatures$2HILCC 606 $aFrench Literature$2HILCC 610 $alittératures médiévales 610 $arécit 615 7$aRomance Literatures 615 7$aLanguages & Literatures 615 7$aFrench Literature 700 $aHorrent$b Jules$0174707 801 0$bPQKB 801 1$bBeLU 801 2$bBeLU 906 $aBOOK 912 $a9910133512903321 996 $aLa chanson de Roland dans les littératures française et espagnole au Moyen Age$92098241 997 $aUNINA LEADER 02670nam 2200445 a 450 001 9910563054303321 005 20241204161205.0 024 7 $a10.3726/b12131 035 $a(CKB)4340000000239097 035 $a(WaSeSS)Ind00077152 035 $a(oapen)https://directory.doabooks.org/handle/20.500.12854/27058 035 $a(MiAaPQ)EBC31203095 035 $a(oapen)doab27058 035 $a(EXLCZ)994340000000239097 100 $a20130926h20121989 || | 101 0 $arus 135 $aur||||||||||| 181 $ctxt$2rdacontent 182 $cc$2rdamedia 183 $acr$2rdacarrier 200 10$aAkcional'nost' i statal'nost' $eIch sootnos?enie v russkich konstrukcijach s pric?astijami na -n, -t /$fJurij P. Knjazev 210 $aMunich, Germany $cVerlag Otto Sagner$d2012, c1989 215 $a1 online resource (271 pages) 225 1 $aSpecimina Philologiae Slavicae ;$vBand 81. 311 08$a3-95479-578-7 330 $aV centre vnimanija dannoj raboty nachoditsja otnos?enie konstrukcij s pric?astijami na -n , -t k protivopostavleniju po priznaku static?nost'/dinamic?nost', kotoroe v konec?nom sc?ete i opredeljaet ich sposobnost' igrat' rol' passiva. Izloz?enie postroeno sledujus?c?im obrazom. V pervoj glave analizirujutsja vozmoz?nosti ispol'zovanija protivopostavlenija static?nost'/dinamic?nost' po otnos?eniju k passivu, perfektnomu znac?eniju sovers?ennogo vida i konstrukcijam s pric?astijami na -n , - t . Vo vtoroj glave konstrukcii s pric?astijami na -n, -t charakterizujutsja s toc?ki zrenija ich struktury i sootnos?enija s ischodnymi tranzitivnymi i intranzitivnymi konstrukcijami. V tret'ej glave rassmatrivajutsja problemy differenciacii statal'nogo i akcional'nogo znac?enij i faktory, ot kotorych zavisit ich realizacija v konkretnych upotreblenijach konstrukcij s pric?astijami na -n , -t . V c?etvertoj glave russkie konstrukcii s pric?astijami na -n, -t sopostavljajutsja s analogic?nymi konstrukcijami v drugich slavjanskich jazykach i russkich dialektach. Literaturverz. S. 234 - 263, in kyrillischer Schrift, russ. Zusammenfassung in engl. Sprache S. 264 - 271 u. d. T. Action. 410 0$aSpecimina philologiae Slavicae ;$vBand 81. 606 $aRussian language$xGrammar 606 $aRussian language$xSemantics 606 $aRussian language$xSyntax 615 0$aRussian language$xGrammar. 615 0$aRussian language$xSemantics. 615 0$aRussian language$xSyntax. 700 $aKnjazev$b Jurij P$0967115 801 0$bWaSeSS 801 1$bWaSeSS 906 $aBOOK 912 $a9910563054303321 996 $aAkcional'nost' i statal'nost$92836649 997 $aUNINA